TH-MS-Fe-epsilon Receptor 1- Beta (Fc& RI-B) promoter polymorphism in relation with total serum Immunoglobulin E (IgE) level in Pakistani asthma patients (Record no. 480847)

000 -LEADER
fixed length control field 00632nam a22001697a 4500
003 - CONTROL NUMBER IDENTIFIER
control field ASAB
005 - DATE AND TIME OF LATEST TRANSACTION
control field 20180827062837.0
008 - FIXED-LENGTH DATA ELEMENTS--GENERAL INFORMATION
fixed length control field 180511t xxu||||| |||| 00| 0 eng d
040 ## - CATALOGING SOURCE
Transcribing agency ASAB
082 ## - DEWEY DECIMAL CLASSIFICATION NUMBER
Classification number Thesis 2013 AZ
100 ## - MAIN ENTRY--PERSONAL NAME
Personal name Abida Zulfiqar-sup-Dr. Sheeba Murad Mall
9 (RLIN) 3893
245 ## - TITLE STATEMENT
Title TH-MS-Fe-epsilon Receptor 1- Beta (Fc& RI-B) promoter polymorphism in relation with total serum Immunoglobulin E (IgE) level in Pakistani asthma patients
Statement of responsibility, etc. Abida Zulfiqar-sup-Dr. Sheeba Murad Mall
260 ## - PUBLICATION, DISTRIBUTION, ETC.
Place of publication, distribution, etc. Islamabad
Name of publisher, distributor, etc. ASAB (NCVI)
Date of publication, distribution, etc. 2013
300 ## - PHYSICAL DESCRIPTION
Extent xvi, 81 P
Other physical details 30 cm
630 ## - SUBJECT ADDED ENTRY--UNIFORM TITLE
Uniform title Virology and Immunology
9 (RLIN) 3894
942 ## - ADDED ENTRY ELEMENTS (KOHA)
Source of classification or shelving scheme
Koha item type
Holdings
Withdrawn status Lost status Source of classification or shelving scheme Damaged status Not for loan Collection code Permanent Location Current Location Date acquired Total Checkouts Full call number Barcode Date last seen Price effective from Koha item type Shelving location
            Atta-ur-Rahman School of Applied Biosciences (ASAB) Atta-ur-Rahman School of Applied Biosciences (ASAB) 05/11/2018   Thesis 2013 AZ ASABms-1-13 05/11/2018 05/11/2018    
            Central Library (CL) Central Library (CL) 01/21/2020   616 CL-T-4736 01/21/2020 01/21/2020 Thesis Thesis
© 2023 Central Library, National University of Sciences and Technology. All Rights Reserved.